| 000 | 00827nam a22002537a 4500 | ||
|---|---|---|---|
| 005 | 20170123162346.0 | ||
| 010 | _aA-848335 | ||
| 020 | _c60.00 | ||
| 035 | _aA-848335 | ||
| 037 | _bCen Lib/Ret | ||
| 040 |
_aDPL _bUR |
||
| 082 |
_a840.4 _bا ح م |
||
| 100 |
_aاحمد قادری _9133056 |
||
| 245 |
_aافکار نو : _cاحمد قادری _bتنقیدی مضامین / |
||
| 246 |
_aAafkar-e-nau : tanqeedi mazameen / _bby Ahmed Quadri |
||
| 260 |
_aبہار _bمکتبہ غوثیہ _c1997 |
||
| 270 |
_bبہار _aنو کریم ، گیا _e823001 |
||
| 300 |
_a128p. _c21cm(Hb) |
||
| 650 |
_aادب -- اردو _9133057 |
||
| 650 |
_a ادبی تنقید _9133058 |
||
| 650 |
_aLiterature -- Urdu _9133059 |
||
| 650 |
_aLiterary criticism _923292 |
||
| 942 |
_2ddc _cUR _h840.4 _mا ح م |
||
| 999 |
_c108929 _d108929 |
||